1529 1150 1492 1099 1684 1835 1606 1962 1204 1324 1746 1148 1338 1455 1631 1157 1777 1633 1783 1743 1811 1328 1778 1778 1581 1388 1126 1524 1006 1496 1523 1797 1962 1569 1161 1210 1891 1389 1829 1650 1269 1735 1573 1860 1237 1217 1009 1059 1444 1716 1941 1578 1466 1499 1133 1703 1186 1798 1697 1339 1013 1694 1572 1996 1383 1622 1639 1155 1166 1398 1803 1702 1539 1749 1157 1169 1646 1194 1617 1232 1902 1323 1053 1644 1132 1519 1143 1925 1720 1918 1762 1048 1950 1624 1433 1566 1711 1875 1367 BCNSPRNW ULIB Ver.6.0+V

เปลี่ยนเป็นภาษาไทย

Change to English
 แสดงรายละเอียดบรรณานุกรม
  กลับหน้าหลัก

Brief Record : Get Marc (ISO 2709) : E-mail record : QR code < ปิดหน้าต่าง
LEADER : 00000nam 2200000uu 4500
001    13399122700
003     ULIB
008    130902s2554||||th 000 0 tha d
020    ^a9789740326625
050    ^aQA76^bณ321ก
100 0  ^aณัฐกร สงคราม
245 10 ^aการออกแบบและพัฒนามัลติมีเดียเพื่อการเรียนรู้ =^bMultimedia for learning : design & development /^cณัฐกร สงคราม
246 31 ^aMultimedia for learning : design & development.
250    ^aพิมพ์ครั้งที่ 2
260    ^aกรุงเทพฯ :^bสำนักพิมพ์แห่งจุฬาลงกรณ์มหาวิทยาลัย,^c2554
300    ^a163 หน้า :^bภาพประกอบสีบางภาพ ;^c26 ซม.
650  4 ^aสื่อการสอน
650  4 ^aระบบมัลติมีเดียในการศึกษา
650  4 ^aระบบมัลติมีเดีย
650  4 ^aคอมพิวเตอร์ช่วยการสอน
945    ^p180^l0^i20142
999    ^aทศพร เกษรทอง
รายการนี้ยังไม่มีแท็ก
คุณยังไม่ได้ล็อกอิน คุณสามารถมีกิจกรรมร่วมกับเว็บไซต์ได้ แต่ต้องล็อกอินก่อน ::
  ล็อกอิน

รายการสื่อสารสนเทศ

ลำดับที่ ประเภท เลขเรียก/บาร์โค้ด สถานที่ สถานะ
1. การศึกษาทั่วไป
การศึกษาทั่วไป
QA76 ณ321ก ฉ.1 
  Barcode: 20142
ห้องสมุดวิทยาเขตนครสวรรค์
►หนังสือทั่วไป:l:General Books
บนชั้น

รายการใกล้เคียง
    ผู้แต่ง [ณัฐกร สงคราม]

    หัวเรื่อง [สื่อการสอน]
    หัวเรื่อง [ระบบมัลติมีเดียในการศึกษา]
    หัวเรื่อง [ระบบมัลติมีเดีย]
    หัวเรื่อง [คอมพิวเตอร์ช่วยการสอน]

BibComment


ยังไม่เคยถูกคอมเมนท์

คอมเมนท์ทรัพยากรรายการนี้
  คอมเมนท์: การออกแบบและพัฒน..


 Copyright 2026. Bcnsprnw @Library